000 00491cam a22002051 4500
001 sa 68011419
003 DLC
005 20260227112559.0
008 891004s1968 ii 000 0 hino
010 _asa 68011419
035 _a(OCoLC)20439564
040 _aDLC
_cWaU
_dDLC
042 _apremarc
050 0 0 _aPK2098.23.A67
_bD5
100 0 _aHar Gulal,
_d1935-
245 1 0 _aḌhalate aura badalate raṅga.
260 _c1968.
300 _a8, 96 p.
_c19 cm.
500 _aIn Hindi.
999 _c83879
_d83879